| 000 | 00736nam a22002897a 4500 | ||
|---|---|---|---|
| 003 | OSt | ||
| 005 | 20140310183031.0 | ||
| 008 | 130218t xxu||||| |||| 00| 0 eng d | ||
| 020 | _a9711110431 | ||
| 050 |
_aHN 713.5 _b.P195 2000 |
||
| 082 |
_aFil 301 _bP19 2000 |
||
| 245 |
_aSociety and culture : introduction to sociology and anthropology _cPanopio, Isabel |
||
| 260 |
_aQuezon City _bJMC Press _c2000 |
||
| 300 |
_a418 p. _c25 cm |
||
| 521 | _aCollege Students | ||
| 526 | _c1210L-1700L | ||
| 541 | _j1 | ||
| 541 | _j2 | ||
| 541 | _j3 | ||
| 541 | _j4 | ||
| 541 | _j5 | ||
| 541 | _j6 | ||
| 541 | _j7 | ||
| 541 | _j8 | ||
| 562 | _e8 | ||
| 942 |
_2lcc _cBK _kFIL |
||
| 999 |
_c18441 _d18441 |
||